Responses for show #7813 - Wednesday, July 25, 2018

Contestants

[<< previous game]

Ron Freshour, a copywriter from Austin, Texas

Burt Westermeier, a Ph.D. candidate from New Haven, Connecticut

Dave Mattingly, a director of technology from Old Forge, Pennsylvania (whose 3-day cash winnings total $77,400)

[next game >>]

Jeopardy! Round responses

STRAIGHT TO BILLBOARD NO. 1
NONFICTION
PROFESSIONAL NICKNAMES
I WANT TO GO NUTS!
GONNA PAINT THIS TOWN
"RED"
    $200 5
Taylor Swift

Dave
    $200 15
Flapper

Burt
    $200 13
a dancer

Ron
    $200 20
the macadamia

Dave
    $200 25
Jerusalem

Dave
    $200 29
predator

Dave
    $400 1
"Candle In The Wind"

Ron
    $1,000 16
the King James Bible

Burt
    $400 10
a cabbie

Dave
    $400 21
calcium

Dave
    $400 26
Venice

Burt
    $400 6
Alfred

Dave
    $600 2
Michael Jackson

Ron
    $600 17
Eats, Shoots & Leaves

Triple Stumper
    $600 11
a pug

Dave
    $600 22
trail mix

Dave
    $600 27
(Ron: Who is DalĂ­?)

Marc Chagall

Ron
Triple Stumper
    $600 7
credentials

Ron
    $800 3
Aerosmith

Dave
    $800 18
Joan Didion

Triple Stumper
    $800 12
(Burt: What are a painter and an electrician?)

a carpenter and electrician

BurtRon
    $800 23
(Dave: What are almonds?)
(Burt: What are pistachios?)

walnuts

DaveBurt
Triple Stumper
    $800 28
Nighthawks

Ron
    $800 8
dredge

Dave
    $1000 4
Carrie Underwood

Ron
    $1000 19
And the Band Played On

Burt
    $1000 14
a copper

Burt
    $1000 24
pecans

Ron
    $1000 30
Arles

Triple Stumper
    $1000 9
a shredder

Dave

Scores at the first commercial break (after clue 15):

Dave Burt Ron
$4,200 $400 $3,600

Scores at the end of the Jeopardy! Round:

Dave Burt Ron
$5,000 $2,000 $4,800

Double Jeopardy! Round responses

CAPITAL LETTERS
WORLD WAR II TIMELINE
ANIMAL PLANET
WEIRD WORDS
RELIGIOUS -ISMs
CELEBRITY PARTIAL NAME CHANGES
    $400 27
Algiers

Dave
    $400 15
Poland

Dave
    $400 20
Kermit (the Frog)

Dave
    $400 30
the wind

Ron
    $400 1
Jesus

Burt
    $400 22
W.C. Fields

Dave
    $800 7
Bucharest and Budapest

Dave
    $800 16
Dunkirk

Dave
    $800 21
the loo

Ron
    $800 3
(Dave: What is a trapeze artist?)

a high-wire walker

Dave
Triple Stumper
    $800 2
jihad (or holy war)

Dave
    $800 10
Stewart

Dave
    $1200 8
Freetown

Triple Stumper
    $1200 17
lend-lease

Dave
    $1200 24
(Eric) Clapton

Dave
    $1200 4
counter-clockwise

Dave
    $1200 12
original sin

Dave
    $1200 11
Randy Travis

Burt
    $6,600 9
(Alex: Dave?)
(Dave: [Sighs])
(Alex: Hurry.)
...
(Alex: What is [*], for Nicaragua.)

Managua

Dave
    $1600 18
(Dave: What is Berlin?)

Tokyo

DaveBurt
    $1600 26
(Ron: What are rhinos?)

bears

Ron
Triple Stumper
    $1600 5
corsets

Dave
    $1600 13
suffering

Burt
    $1600 23
Jackie Chan

Burt
    $2000 28
Grozny

Dave
    $2000 19
Okinawa

Burt
    $2000 29
an ocelot

Burt
    $2000 6
(Dave: What is kneeling?)

dipping the host in the wine

Dave
Triple Stumper
    $1,200 14
(Alex: Burt?)
(Burt: What is all?)

the Way

Burt
    $2000 25
Natalie Portman and Winona Ryder

Burt

Scores at the end of the Double Jeopardy! Round:

Dave Burt Ron
$7,200 $13,200 $4,400

[wagering suggestions for these scores]

Final Jeopardy! Round responses

BRIDGES
RonWhat is The Jeff Bridges?
$1
DaveWhat are N. Korea + China?
$7,200
BurtWhat are China and N. Korea?
$1,201
North Korea and China

Final scores:

Dave Burt Ron
$14,400 $14,401 $4,399
2nd place: $2,000 New champion: $14,401 3rd place: $1,000

Game dynamics:

Coryat scores:

Dave Burt Ron
$13,800 $13,800 $4,400
26 R,
5 W
(including 1 DD)
13 R
(including 1 DD),
3 W
(including 1 DD)
10 R,
2 W

Combined Coryat: $32,000

The J! Archive is created by fans, for fans. The Jeopardy! game show and all elements thereof, including but not limited to copyright and trademark thereto, are the property of Jeopardy Productions, Inc. and are protected under law. This website is not affiliated with, sponsored by, or operated by Jeopardy Productions, Inc. Join the discussion at JBoard.tv.